[Event "chess.com Speed 5m+1spm 2018"]
[Site "chess.com INT"]
[Date "2018.09.20"]
[Round "2.6"]
[White "Aronian, Levon"]
[Black "Giri, Anish"]
[Result "1-0"]
[WhiteTitle "GM"]
[BlackTitle "GM"]
[WhiteElo "2767"]
[BlackElo "2782"]
[WhiteFideId "13300474"]
[BlackFideId "24116068"]
[EventDate "2018.07.24"]

1. e4 e5 2. Nf3 Nf6 3. Nxe5 d6 4. Nf3 Nxe4 5. Bd3 Nf6 6. O-O Be7 7. c3 O-O 8.
Bc2 Re8 9. h3 d5 10. Re1 Bd6 11. d4 Nbd7 12. Nbd2 Rxe1+ 13. Qxe1 b6 14. Nf1 Bb7
15. Ng3 Bxg3 16. fxg3 Qf8 17. Bf4 Re8 18. Qf1 c5 19. Ba4 a6 20. Rd1 b5 21. Bc2
c4 22. Bf5 Bc8 23. Bc7 Ne4 24. Bxe4 dxe4 25. Ne5 Nf6 26. Re1 Qe7 27. Ba5 Qe6 28.
g4 h6 29. Bb4 Bb7 30. Bc5 Nd5 31. Qf5 f6 32. Ng6 e3 33. Re2 Bc8 34. Qh5 Qf7 35.
Bd6 Kh7 36. Nf4 Qxh5 37. gxh5 Bb7 38. Nxd5 Bxd5 39. Bf4 Re4 40. Bxe3 f5 41. g3
Bf7 42. Kf2 Bxh5 43. Rd2 Be8 44. d5 Bd7 45. b3 g5 46. Bd4 f4 47. bxc4 fxg3+ 48.
Kxg3 bxc4 49. Rb2 Bb5 50. a4 Bxa4 51. d6 Re6 52. Rb7+ Kg6 53. d7 Bxd7 54. Rxd7
h5 55. Rg7+ Kf5 56. Rf7+ Ke4 57. Rg7 g4 58. hxg4 hxg4 59. Rxg4+ Kd3 60. Rg5 Rd6
61. Bg7 Rd7 62. Bf6 Rd6 63. Be5 Rd5 64. Kf4 a5 65. Rg3+ Kc2 66. Ke4 Rd3 67. Rg2+
Kb3 68. Rg8 a4 69. Rb8+ Kc2 70. Rb4 a3 71. Rxc4 Rd1 72. Ra4 Kb3 73. Rb4+ Kc2 74.
c4 Re1+ 75. Kd5 a2 76. Ra4 Kb3 77. Ra5 Rd1+ 78. Kc5 Rc1 79. Rb5+ Kc2 80. Rb2+
Kd3 81. Rb3+ Ke4 82. Bf6 Kf5 83. Bd4 a1=Q 84. Bxa1 Rxa1 85. Kc6 Ra6+ 86. Rb6 Ra1
87. c5 Ke6 88. Kc7+ Ke7 89. c6 Rc1 90. Rb3 Rh1 91. Re3+ Kf7 92. Rf3+ Ke7 93.
Re3+ Kf7 94. Kd7 Rd1+ 95. Kc8 1-0

[Event "chess.com Speed 5m+1spm 2018"]
[Site "chess.com INT"]
[Date "2018.09.20"]
[Round "2.7"]
[White "Giri, Anish"]
[Black "Aronian, Levon"]
[Result "1-0"]
[WhiteTitle "GM"]
[BlackTitle "GM"]
[WhiteElo "2782"]
[BlackElo "2767"]
[WhiteFideId "24116068"]
[BlackFideId "13300474"]
[EventDate "2018.07.24"]

1. e4 e5 2. Nf3 Nc6 3. Bb5 Nf6 4. d3 Bc5 5. Bxc6 dxc6 6. Nbd2 Be6 7. O-O Bd6 8.
b3 O-O 9. Nc4 Nd7 10. Ne3 a5 11. a4 b5 12. Bd2 Bb4 13. d4 f6 14. axb5 cxb5 15.
Bxb4 axb4 16. Qd2 Qe7 17. d5 Bf7 18. Rad1 Qc5 19. Ne1 Bg6 20. f3 f5 21. Nd3 Qb6
22. exf5 Bxf5 23. Nxb4 Bg6 24. Kh1 Kh8 25. Qc3 Qd6 26. Nc6 Rf4 27. Ng4 e4 28.
Nge5 Nxe5 29. Nxe5 exf3 30. Rxf3 Rxf3 31. Nxg6+ Qxg6 32. Qxf3 Re8 33. c4 bxc4
34. bxc4 Qc2 35. Rf1 h6 36. Qf4 Qd3 37. h3 Re3 38. Kh2 Kh7 39. Rf2 Re1 40. Qxc7
Rc1 41. Rf7 Qd4 42. Qf4 Qg1+ 43. Kg3 Rc3+ 44. Kh4 Qe1+ 45. g3 Qe8 46. Qf5+ Kg8
47. Rd7 Rxc4+ 48. g4 Re4 49. Rd6 Qe7+ 50. Kh5 Re5 51. Rd8+ Qxd8 52. Qxe5 Kh7 53.
Qf5+ Kh8 54. g5 Qe8+ 55. g6 Qe2+ 56. Kh4 Qe1+ 57. Kg4 Qg1+ 58. Kf4 Qd4+ 59. Qe4
Qf6+ 60. Ke3 Qc3+ 61. Ke2 Qb2+ 62. Kf3 Qc3+ 63. Kf4 Qf6+ 64. Ke3 Qc3+ 65. Qd3
Qe5+ 66. Kf3 Qf6+ 67. Ke2 Qe5+ 68. Kd1 Qa1+ 69. Kd2 Qb2+ 70. Ke3 Qe5+ 71. Kf3
Qf6+ 72. Kg2 Qg5+ 73. Kf2 Qf6+ 74. Ke1 Qe5+ 75. Kf2 Qf6+ 76. Kg3 Qe5+ 77. Kf3
Qf6+ 78. Ke3 Qe5+ 79. Kd2 Qb2+ 80. Kd1 Qa1+ 81. Kc2 Qa2+ 82. Kc3 Qa3+ 83. Kd4
Qb4+ 84. Ke5 Qe7+ 85. Kd4 Qb4+ 86. Qc4 Qb6+ 87. Qc5 Qb2+ 88. Ke4 Qe2+ 89. Kf5 1-0

[Event "chess.com Speed 5m+1spm 2018"]
[Site "chess.com INT"]
[Date "2018.09.20"]
[Round "2.8"]
[White "Aronian, Levon"]
[Black "Giri, Anish"]
[Result "1-0"]
[WhiteTitle "GM"]
[BlackTitle "GM"]
[WhiteElo "2767"]
[BlackElo "2782"]
[WhiteFideId "13300474"]
[BlackFideId "24116068"]
[EventDate "2018.07.24"]

1. e4 e5 2. Nf3 Nf6 3. Nxe5 d6 4. Nf3 Nxe4 5. Bd3 Nf6 6. O-O Be7 7. c3 O-O 8.
Bc2 Re8 9. d4 Bg4 10. Re1 d5 11. Bf4 Bd6 12. Rxe8+ Qxe8 13. Bxd6 Bxf3 14. gxf3
cxd6 15. Nd2 Nbd7 16. Nf1 Nf8 17. Qd2 Ng6 18. Re1 Qb5 19. Bxg6 hxg6 20. Ng3 Re8
21. Re3 Qd7 22. Kg2 Re6 23. Qd3 a6 24. Qc2 Kf8 25. Qb3 Qc6 26. Qc2 Qd7 27. Qb3
Qe7 28. Rxe6 fxe6 29. Qc2 Qf7 30. Qd2 Ng8 31. b3 b5 32. Qd3 Nf6 33. a4 Qe8 34.
axb5 axb5 35. Qb1 Kf7 36. Qa2 Qc6 37. Ne2 Nh5 38. Qa7+ Kg8 39. Qe7 b4 40. Qxe6+
Kh7 41. cxb4 Qb5 42. Qe3 Qxb4 43. Ng3 Nf6 44. h4 Qb5 45. Ne2 Nh5 46. Nf4 Nxf4+
47. Qxf4 Qxb3 48. Qxd6 Qc4 49. Qe5 Qc6 50. h5 gxh5 51. Qxh5+ Kg8 52. Qg4 Qf6 53.
Qc8+ Kh7 54. Qh3+ Kg8 55. Qg4 Qd6 56. Qf5 Qd8 57. Qe6+ Kh7 58. f4 Qh4 59. Qf5+
Kh6 60. Qh3 Kh5 61. Qxh4+ Kxh4 62. f3 Kh5 63. Kg3 Kg6 64. Kg4 Kf6 65. f5 Ke7 66.
Kg5 1-0

[Event "chess.com Speed 3m+1spm 2018"]
[Site "chess.com INT"]
[Date "2018.09.20"]
[Round "2.9"]
[White "Giri, Anish"]
[Black "Aronian, Levon"]
[Result "1/2-1/2"]
[WhiteTitle "GM"]
[BlackTitle "GM"]
[WhiteElo "2782"]
[BlackElo "2767"]
[WhiteFideId "24116068"]
[BlackFideId "13300474"]
[EventDate "2018.07.24"]

1. e4 e5 2. Nf3 Nc6 3. Bb5 Nf6 4. d3 Bc5 5. Bxc6 dxc6 6. Nbd2 Be6 7. O-O Bd6 8.
b3 O-O 9. Nc4 Bxc4 10. bxc4 Nd7 11. g3 b5 12. cxb5 cxb5 13. a4 a6 14. Nh4 g6 15.
Bh6 Re8 16. Qg4 Nf6 17. Qf3 Nd7 18. Qg4 Nf6 19. Qf3 Nd7 20. Ng2 Qf6 21. Qg4 Qe6
22. Qxe6 fxe6 23. axb5 axb5 24. f3 Nc5 25. Kf2 Na4 26. Bd2 Bc5+ 27. Ke2 Bd4 28.
Ra3 Nb6 29. Rxa8 Rxa8 30. c3 Bc5 31. Rb1 c6 32. Ne1 Ra2 33. Kd1 Na4 34. Nc2 Nb2+
35. Ke2 Na4 36. Kd1 Nb2+ 37. Ke2 Na4 38. Kd1 1/2-1/2

[Event "chess.com Speed 3m+1spm 2018"]
[Site "chess.com INT"]
[Date "2018.09.20"]
[Round "2.10"]
[White "Aronian, Levon"]
[Black "Giri, Anish"]
[Result "1/2-1/2"]
[WhiteTitle "GM"]
[BlackTitle "GM"]
[WhiteElo "2767"]
[BlackElo "2782"]
[WhiteFideId "13300474"]
[BlackFideId "24116068"]
[EventDate "2018.07.24"]

1. e4 e5 2. Nf3 Nf6 3. Nxe5 d6 4. Nf3 Nxe4 5. d4 d5 6. Bd3 Be7 7. O-O Bf5 8. Re1
O-O 9. Nbd2 Nd6 10. Nf1 c6 11. Ng3 Bxd3 12. Qxd3 Na6 13. c3 Nc7 14. Re2 Re8 15.
Bd2 f6 16. b3 Bf8 17. c4 Rxe2 18. Nxe2 Qd7 19. Bf4 Re8 20. Nc3 b5 21. cxd5 cxd5
22. Rc1 b4 23. Na4 Ne6 24. Bxd6 Bxd6 25. g3 Qb7 26. Re1 Qc6 27. Re2 Nc7 28. Rc2
Qd7 29. Nc5 Bxc5 30. dxc5 Qb5 31. Qd1 a5 32. Nd4 Qd7 33. Re2 Re4 34. f3 Rxe2 35.
Qxe2 Kf7 36. Qd3 g6 37. Qe3 Qe8 38. Qf4 Qe5 39. Qxe5 fxe5 40. Nc6 Ke6 41. Nxa5
Na6 42. Nc6 d4 43. Kf2 Kd5 44. Ne7+ Kxc5 45. Ng8 Nc7 46. Nf6 h5 47. Nd7+ Kd6 48.
Nf8 g5 49. Nh7 Ne6 50. Nf6 h4 51. Ke2 Nc5 52. Nh7 hxg3 53. hxg3 Ne6 54. Nf6 Nc5
55. g4 Kc6 56. Nh7 Ne6 57. Nf6 Nc5 58. Nh7 Ne6 59. Nf6 Nc5 1/2-1/2

[Event "chess.com Speed 3m+1spm 2018"]
[Site "chess.com INT"]
[Date "2018.09.20"]
[Round "2.11"]
[White "Giri, Anish"]
[Black "Aronian, Levon"]
[Result "1-0"]
[WhiteTitle "GM"]
[BlackTitle "GM"]
[WhiteElo "2782"]
[BlackElo "2767"]
[WhiteFideId "24116068"]
[BlackFideId "13300474"]
[EventDate "2018.07.24"]

1. e4 e5 2. Nf3 Nc6 3. Bb5 Nf6 4. O-O Nxe4 5. Re1 Nd6 6. Nxe5 Be7 7. Bf1 Nxe5 8.
Rxe5 O-O 9. d4 Ne8 10. d5 Bc5 11. Re1 d6 12. Nc3 f5 13. Na4 Bxf2+ 14. Kxf2 Qh4+
15. Kg1 Qxa4 16. Re7 Qh4 17. Qe2 Nf6 18. Rxc7 Nxd5 19. Qc4 Qe4 20. Qxe4 fxe4 21.
Bc4 Be6 22. Rxb7 Nf4 23. Bxe6+ Nxe6 24. Be3 d5 25. Rd1 Rfd8 26. c3 Rd6 27. a4 a6
28. a5 Rad8 29. Rb6 Kf7 30. Kf2 Ke7 31. Ke2 Kd7 32. c4 d4 33. Rxd6+ Kxd6 34.
Bxd4 Kc6 35. Ke3 Nxd4 36. Rxd4 Rb8 37. Rd2 Rb4 38. Rc2 Kc5 39. Kxe4 Rb3 40. Kf4
Rd3 41. g3 Kb4 42. c5 Rd7 43. c6 Rd8 44. c7 Rc8 45. Ke5 Kxa5 1-0

[Event "chess.com Speed 3m+1spm 2018"]
[Site "chess.com INT"]
[Date "2018.09.20"]
[Round "2.12"]
[White "Aronian, Levon"]
[Black "Giri, Anish"]
[Result "1-0"]
[WhiteTitle "GM"]
[BlackTitle "GM"]
[WhiteElo "2767"]
[BlackElo "2782"]
[WhiteFideId "13300474"]
[BlackFideId "24116068"]
[EventDate "2018.07.24"]

1. d4 Nf6 2. Bf4 c5 3. e3 Qb6 4. Nc3 cxd4 5. exd4 a6 6. Bc4 e6 7. Nge2 d5 8. Bb3
Bd7 9. O-O Be7 10. Qe1 O-O 11. Rd1 Nc6 12. Rd3 Na5 13. Rh3 Rfc8 14. Bg5 Qd8 15.
f4 h6 16. Qh4 Kf8 17. Bxh6 gxh6 18. Qxh6+ Ke8 19. Qh8+ Bf8 20. f5 Nxb3 21. axb3
exf5 22. Nf4 Rc6 23. Ncxd5 Nxd5 24. Nxd5 Be6 25. Nf6+ Ke7 26. Re3 Rxc2 27. Kh1
Kd6 28. d5 Be7 29. Qh6 Bxf6 30. dxe6 fxe6 31. Rd3+ Kc6 1-0

[Event "chess.com Speed 3m+1spm 2018"]
[Site "chess.com INT"]
[Date "2018.09.20"]
[Round "2.13"]
[White "Giri, Anish"]
[Black "Aronian, Levon"]
[Result "1/2-1/2"]
[WhiteTitle "GM"]
[BlackTitle "GM"]
[WhiteElo "2782"]
[BlackElo "2767"]
[WhiteFideId "24116068"]
[BlackFideId "13300474"]
[EventDate "2018.07.24"]

1. e4 e5 2. Nf3 Nc6 3. Bb5 Nf6 4. O-O Nxe4 5. Re1 Nd6 6. Nxe5 Be7 7. Bf1 Nxe5 8.
Rxe5 O-O 9. d4 Ne8 10. d5 d6 11. Re1 Bg5 12. c4 Bxc1 13. Qxc1 Nf6 14. Nc3 a5 15.
b3 b6 16. h3 Bd7 17. Qd2 Re8 18. Bd3 Rxe1+ 19. Rxe1 Qf8 20. Bc2 Re8 21. a3 Rxe1+
22. Qxe1 g6 23. Qe3 Qe8 24. Qxe8+ Nxe8 25. f4 f5 26. Kf2 Nf6 27. b4 axb4 28.
axb4 Kf7 29. Ke3 Ke7 30. Kd4 Nh5 31. Ke3 Nf6 32. Bd1 Kd8 33. Kd4 Be8 34. Ba4
Bxa4 35. Nxa4 Nh5 36. Ke3 Kd7 37. Nc3 Nf6 38. Nb5 c5 39. dxc6+ Kxc6 40. Nd4+ Kd7
41. Nf3 Kc6 42. Nd4+ Kd7 43. Ne2 Kc6 44. Kd4 d5 45. Nc3 dxc4 46. Kxc4 Nh5 47.
Nd5 b5+ 48. Kd4 Kd6 49. g4 Ng3 50. Nc3 fxg4 51. hxg4 h5 52. gxh5 gxh5 53. Nxb5+
Kc6 54. Nc3 h4 55. Nd1 Ne2+ 56. Ke3 Nxf4 57. Kxf4 Kb5 1/2-1/2

[Event "chess.com Speed 3m+1spm 2018"]
[Site "chess.com INT"]
[Date "2018.09.20"]
[Round "2.14"]
[White "Aronian, Levon"]
[Black "Giri, Anish"]
[Result "1-0"]
[WhiteTitle "GM"]
[BlackTitle "GM"]
[WhiteElo "2767"]
[BlackElo "2782"]
[WhiteFideId "13300474"]
[BlackFideId "24116068"]
[EventDate "2018.07.24"]

1. d4 Nf6 2. Bf4 c5 3. e3 Qb6 4. Nc3 Qxb2 5. Nge2 Qa3 6. Rb1 Qa5 7. Rb5 Qd8 8.
dxc5 b6 9. e4 Ba6 10. e5 Nh5 11. Be3 Bxb5 12. Nxb5 g6 13. Nec3 bxc5 14. Nd5 Na6
15. g4 Ng7 16. Nd6+ exd6 17. Nf6+ Ke7 18. Qxd6# 1-0

[Event "chess.com Speed 3m+1spm 2018"]
[Site "chess.com INT"]
[Date "2018.09.20"]
[Round "2.15"]
[White "Giri, Anish"]
[Black "Aronian, Levon"]
[Result "1/2-1/2"]
[WhiteTitle "GM"]
[BlackTitle "GM"]
[WhiteElo "2782"]
[BlackElo "2767"]
[WhiteFideId "24116068"]
[BlackFideId "13300474"]
[EventDate "2018.07.24"]

1. e4 e5 2. Nf3 Nc6 3. Bb5 Nf6 4. O-O Nxe4 5. Re1 Nd6 6. Nxe5 Be7 7. Bf1 Nxe5 8.
Rxe5 O-O 9. d4 Ne8 10. d5 d6 11. Re1 Bg5 12. c4 Bxc1 13. Qxc1 Nf6 14. Nc3 a5 15.
Bd3 Bd7 16. Qf4 Re8 17. Bc2 b6 18. Rad1 Rxe1+ 19. Rxe1 Qf8 20. f3 Re8 21. Rxe8
Qxe8 22. Kf2 Qd8 23. Qe3 Nh5 24. g3 g6 25. a3 Qf6 26. Kg2 Ng7 27. g4 Ne8 28. Ba4
Bxa4 29. Nxa4 Qd8 30. Nc3 Nf6 31. g5 Nh5 32. Ne4 h6 33. h4 hxg5 34. hxg5 Kh7 35.
Qd4 Qc8 36. Nf6+ Nxf6 37. Qxf6 Qe8 38. Kf2 Kg8 39. b3 b5 40. Qd4 bxc4 41. Qxc4
Qe5 42. Qxc7 Qxd5 43. Qb8+ Kg7 44. b4 axb4 45. axb4 Qd2+ 46. Kf1 Qd1+ 47. Kf2
Qd2+ 48. Kf1 Qd1+ 49. Kf2 Qd2+ 50. Kf1 1/2-1/2

[Event "chess.com Speed 3m+1spm 2018"]
[Site "chess.com INT"]
[Date "2018.09.20"]
[Round "2.17"]
[White "Giri, Anish"]
[Black "Aronian, Levon"]
[Result "0-1"]
[WhiteTitle "GM"]
[BlackTitle "GM"]
[WhiteElo "2782"]
[BlackElo "2767"]
[WhiteFideId "24116068"]
[BlackFideId "13300474"]
[EventDate "2018.07.24"]

1. e4 e5 2. Nf3 Nc6 3. Bb5 Nf6 4. d3 Bc5 5. Bxc6 dxc6 6. Nbd2 Be6 7. O-O Bd6 8.
b3 O-O 9. Ng5 Bg4 10. Qe1 Nd7 11. Ngf3 Nc5 12. h3 Bh5 13. g4 Bg6 14. Nc4 f6 15.
Kh1 Ne6 16. Nh4 b5 17. Nxd6 cxd6 18. a4 Nd4 19. Qd1 d5 20. Be3 dxe4 21. Nxg6
hxg6 22. dxe4 f5 23. Bxd4 exd4 24. gxf5 gxf5 25. Qf3 fxe4 26. Qxe4 Qd7 27. axb5
Qxh3+ 28. Kg1 Rf5 29. Qg2 Qh6 30. f4 Rxb5 31. Rae1 Qf6 32. Qe4 Rc5 33. Rf2 Rf8
34. Qe6+ Qxe6 35. Rxe6 Rc3 36. f5 c5 37. Re7 Rg3+ 38. Kf1 Rg5 39. Rxa7 Rgxf5 40.
Rxf5 Rxf5+ 41. Kg2 Re5 42. Kf2 Re3 43. Ra5 Rc3 44. Ra2 g5 45. Ke2 g4 46. Kd2 g3
47. Ra1 Kg7 48. Re1 Kf6 49. Rf1+ Kg5 50. Rg1 Kg4 51. Rf1 g2 52. Re1 Kg3 53. Rg1
Kf2 54. Rd1 g1=Q 55. Rxg1 Kxg1 56. Kd1 Kf2 57. Kd2 Kf3 58. Kd1 Ke3 59. Kc1 d3
60. Kb2 Rxc2+ 61. Ka3 Kd4 62. Ka4 Ra2+ 63. Kb5 Rb2 64. Kc6 Rb1 65. Kd6 Rxb3 66.
Ke6 d2 67. Kf5 d1=Q 68. Kf4 Qf3+ 69. Kg5 Qg3+ 70. Kh6 Rb2 71. Kh7 Rh2# 0-1

[Event "chess.com Speed 3m+1spm 2018"]
[Site "chess.com INT"]
[Date "2018.09.20"]
[Round "2.18"]
[White "Aronian, Levon"]
[Black "Giri, Anish"]
[Result "1-0"]
[WhiteTitle "GM"]
[BlackTitle "GM"]
[WhiteElo "2767"]
[BlackElo "2782"]
[WhiteFideId "13300474"]
[BlackFideId "24116068"]
[EventDate "2018.07.24"]

1. d4 Nf6 2. Bf4 d5 3. e3 Bf5 4. Nf3 e6 5. Nbd2 Bd6 6. Bg3 Ne4 7. Nxe4 Bxe4 8.
Nd2 Bg6 9. c4 dxc4 10. Bxc4 O-O 11. Qb3 b6 12. Bd3 Nd7 13. Bxg6 hxg6 14. Rc1 Nf6
15. Nc4 Qe7 16. Qb5 Ne4 17. Qc6 f5 18. Ke2 g5 19. Nxd6 cxd6 20. f3 Nxg3+ 21.
hxg3 Rad8 22. g4 fxg4 23. fxg4 d5 24. Qc2 Rf6 25. Rcf1 Qf7 26. Rxf6 gxf6 27. Rh6
Rf8 28. Qb1 Qd7 29. Qg6+ Qg7 30. Qh5 1-0

[Event "chess.com Speed 1m+1spm 2018"]
[Site "chess.com INT"]
[Date "2018.09.20"]
[Round "2.19"]
[White "Giri, Anish"]
[Black "Aronian, Levon"]
[Result "1-0"]
[WhiteTitle "GM"]
[BlackTitle "GM"]
[WhiteElo "2782"]
[BlackElo "2767"]
[WhiteFideId "24116068"]
[BlackFideId "13300474"]
[EventDate "2018.07.24"]

1. d4 Nf6 2. Nf3 g6 3. c4 Bg7 4. Nc3 O-O 5. e4 d6 6. Be2 c5 7. O-O Re8 8. Re1
cxd4 9. Nxd4 Nc6 10. Be3 Nxd4 11. Bxd4 Bd7 12. Qd3 Bc6 13. Rad1 a5 14. b3 Nd7
15. Bxg7 Kxg7 16. Qd4+ Kg8 17. Bf1 Qb6 18. Qxb6 Nxb6 19. f4 Nd7 20. Kf2 Nc5 21.
Ke3 f6 22. g3 Kf7 23. Be2 Rac8 24. Rd2 Ra8 25. h4 h5 26. Rf1 Kg7 27. Bf3 Nd7 28.
Ne2 Rec8 29. Bg2 Nc5 30. Nd4 Ra6 31. f5 Rb6 32. Rb1 Bd7 33. Bf3 Rh8 34. a3 Bc8
35. b4 axb4 36. axb4 Nd7 37. Ne6+ Kf7 38. Nf4 gxf5 39. Bxh5+ Kg7 40. exf5 Ne5
41. Be2 Bxf5 42. Rbb2 Rc8 43. Nd5 Ra6 44. Nxe7 Rxc4 45. Nxf5+ Kg6 46. Nxd6 Ra3+
47. Kf2 Rcc3 48. Nb5 1-0

[Event "chess.com Speed 1m+1spm 2018"]
[Site "chess.com INT"]
[Date "2018.09.20"]
[Round "2.20"]
[White "Aronian, Levon"]
[Black "Giri, Anish"]
[Result "0-1"]
[WhiteTitle "GM"]
[BlackTitle "GM"]
[WhiteElo "2767"]
[BlackElo "2782"]
[WhiteFideId "13300474"]
[BlackFideId "24116068"]
[EventDate "2018.07.24"]

1. e4 e5 2. Nf3 Nf6 3. Nxe5 d6 4. Nf3 Nxe4 5. Nc3 Nxc3 6. dxc3 Be7 7. Be3 O-O 8.
Bc4 c6 9. O-O Nd7 10. Re1 d5 11. Bf1 Nf6 12. h3 Re8 13. a4 Bf5 14. a5 Qd7 15.
Nd4 Bg6 16. b4 Bd6 17. Nb3 Ne4 18. Bd4 Bc7 19. Qf3 Qd6 20. g3 b6 21. axb6 axb6
22. Rxa8 Rxa8 23. Qe3 Rb8 24. Bg2 h6 25. f4 Nf6 26. Be5 Qd7 27. Bxf6 gxf6 28.
Nd4 c5 29. bxc5 bxc5 30. Nb3 Bb6 31. Kh2 Bxc2 32. Nd2 d4 33. cxd4 cxd4 34. Qe2
d3 35. Qh5 Kg7 36. Be4 Re8 37. Bf5 Qd4 38. Qg4+ Kf8 0-1

[Event "chess.com Speed 1m+1spm 2018"]
[Site "chess.com INT"]
[Date "2018.09.20"]
[Round "2.21"]
[White "Giri, Anish"]
[Black "Aronian, Levon"]
[Result "0-1"]
[WhiteTitle "GM"]
[BlackTitle "GM"]
[WhiteElo "2782"]
[BlackElo "2767"]
[WhiteFideId "24116068"]
[BlackFideId "13300474"]
[EventDate "2018.07.24"]

1. e4 g6 2. d4 Bg7 3. Nf3 d6 4. Be3 Nf6 5. Nc3 O-O 6. Qd2 Nc6 7. d5 Nb4 8. a3
Na6 9. Bxa6 bxa6 10. Bh6 c6 11. Bxg7 Kxg7 12. O-O Qb6 13. Rab1 cxd5 14. exd5 Bb7
15. Rfe1 Rfe8 16. Re3 Rac8 17. b4 a5 18. bxa5 Qa6 19. h3 Rc5 20. Qd4 Bxd5 21.
Rbe1 e5 22. Nxe5 Rxc3 23. Rxc3 dxe5 24. Rxe5 Rxe5 25. Qxe5 Qxa5 26. g4 h6 27. h4
Qa4 28. g5 Qg4+ 29. Kf1 Qd1+ 30. Qe1 Bg2+ 31. Kxg2 Qxe1 0-1

[Event "chess.com Speed 1m+1spm 2018"]
[Site "chess.com INT"]
[Date "2018.09.20"]
[Round "2.22"]
[White "Aronian, Levon"]
[Black "Giri, Anish"]
[Result "1-0"]
[WhiteTitle "GM"]
[BlackTitle "GM"]
[WhiteElo "2767"]
[BlackElo "2782"]
[WhiteFideId "13300474"]
[BlackFideId "24116068"]
[EventDate "2018.07.24"]

1. d4 Nf6 2. Bf4 c5 3. e3 Qb6 4. Nc3 a6 5. Bc4 cxd4 6. exd4 e6 7. Nge2 d5 8. Bb3
Bd7 9. O-O Be7 10. Qe1 O-O 11. Rd1 Nc6 12. Rd3 Rfe8 13. Qd2 Na5 14. Rh3 Nxb3 15.
axb3 Bb5 16. Be5 Qc6 17. Re1 Bxe2 18. Rxe2 b5 19. Qg5 b4 20. Nd1 Qb5 21. Re1 h5
22. Ne3 Kf8 23. Rg3 1-0

[Event "chess.com Speed 1m+1spm 2018"]
[Site "chess.com INT"]
[Date "2018.09.20"]
[Round "2.23"]
[White "Giri, Anish"]
[Black "Aronian, Levon"]
[Result "0-1"]
[WhiteTitle "GM"]
[BlackTitle "GM"]
[WhiteElo "2782"]
[BlackElo "2767"]
[WhiteFideId "24116068"]
[BlackFideId "13300474"]
[EventDate "2018.07.24"]

1. d4 Nf6 2. Nf3 g6 3. c4 Bg7 4. Nc3 O-O 5. e4 d6 6. h3 c5 7. d5 e6 8. Bd3 a6 9.
a4 Nbd7 10. O-O e5 11. Bg5 h6 12. Be3 Nh7 13. Qd2 f5 14. Bxh6 f4 15. Bxg7 Kxg7
16. Nh2 Ndf6 17. Be2 Rh8 18. f3 Ng5 19. Ng4 Nxh3+ 20. gxh3 Rxh3 21. Rf2 Nxg4 22.
fxg4 Qh4 0-1

[Event "chess.com Speed 1m+1spm 2018"]
[Site "chess.com INT"]
[Date "2018.09.20"]
[Round "2.24"]
[White "Aronian, Levon"]
[Black "Giri, Anish"]
[Result "1-0"]
[WhiteTitle "GM"]
[BlackTitle "GM"]
[WhiteElo "2767"]
[BlackElo "2782"]
[WhiteFideId "13300474"]
[BlackFideId "24116068"]
[EventDate "2018.07.24"]

1. d4 Nf6 2. Bf4 e6 3. e3 c5 4. Nd2 cxd4 5. exd4 Be7 6. Ngf3 O-O 7. Bd3 b6 8.
O-O Bb7 9. Re1 d6 10. c3 a6 11. Ng5 h6 12. Nge4 Nxe4 13. Nxe4 Bxe4 14. Bxe4 d5
15. Bc2 Bg5 16. Qd3 g6 17. Rxe6 1-0

[Event "chess.com Speed 1m+1spm 2018"]
[Site "chess.com INT"]
[Date "2018.09.20"]
[Round "2.25"]
[White "Giri, Anish"]
[Black "Aronian, Levon"]
[Result "1-0"]
[WhiteTitle "GM"]
[BlackTitle "GM"]
[WhiteElo "2782"]
[BlackElo "2767"]
[WhiteFideId "24116068"]
[BlackFideId "13300474"]
[EventDate "2018.07.24"]

1. d4 Nf6 2. Nf3 g6 3. c4 Bg7 4. Nc3 O-O 5. e4 d6 6. Be2 c5 7. O-O Re8 8. Re1
cxd4 9. Nxd4 Nc6 10. Be3 Bd7 11. Qd2 Nxd4 12. Bxd4 Bc6 13. f3 a5 14. b3 Nd7 15.
Rac1 Bxd4+ 16. Qxd4 Nc5 17. Red1 Qb6 18. Nd5 Bxd5 19. cxd5 Rec8 20. Kf1 Qb4 21.
Qxb4 axb4 22. Rc2 Nd7 23. Rdc1 Rc5 24. Rxc5 Nxc5 25. Rc2 Kg7 26. Kf2 g5 27. Ke3
Kg6 28. Kd4 f5 29. exf5+ Kxf5 30. Bd1 b5 31. Re2 Kf6 32. Rd2 Nd7 33. Be2 Ra5 34.
Rc2 Ne5 35. Ke3 Ng6 36. g3 Ne5 37. f4 gxf4+ 38. Kxf4 Ng6+ 39. Ke4 Ne5 40. h4 h6
41. g4 Ra8 42. Bd1 Rg8 43. Rf2+ Kg7 44. Be2 Rc8 45. Bxb5 Nxg4 46. Rg2 h5 47. Bd7
Rc1 48. Bxg4 hxg4 49. Rxg4+ Kf6 50. Rf4+ Kg6 51. Kd3 Rc3+ 52. Kd4 Rc2 53. Re4
Kf6 54. h5 Rxa2 55. Rh4 Kg5 56. Rh3 Kh6 57. Kc4 Rd2 58. Re3 Kxh5 59. Rxe7 Kg5
60. Re6 Kf5 61. Rxd6 Rc2+ 62. Kxb4 Ke5 63. Rd8 Rc1 64. Kb5 Kd4 65. b4 Rb1 66. d6
Kd5 67. Ka5 Kc6 68. Rc8+ Kxd6 69. b5 Kd7 70. Rc2 Ra1+ 71. Kb6 Rb1 72. Ka6 Ra1+
73. Kb7 1-0

[Event "chess.com Speed 1m+1spm 2018"]
[Site "chess.com INT"]
[Date "2018.09.20"]
[Round "2.26"]
[White "Aronian, Levon"]
[Black "Giri, Anish"]
[Result "1-0"]
[WhiteTitle "GM"]
[BlackTitle "GM"]
[WhiteElo "2767"]
[BlackElo "2782"]
[WhiteFideId "13300474"]
[BlackFideId "24116068"]
[EventDate "2018.07.24"]

1. d4 Nf6 2. Bf4 c5 3. e3 cxd4 4. exd4 e6 5. Nf3 Be7 6. Nbd2 O-O 7. Bd3 b6 8.
O-O Ba6 9. Bxa6 Nxa6 10. Re1 d6 11. h3 Qd7 12. a4 Nc7 13. Bh2 Rab8 14. c3 a6 15.
Nc4 b5 16. axb5 axb5 17. Na5 Nfd5 18. Nd2 Ra8 19. Qf3 Ra6 20. Nab3 Rfa8 21. Rab1
g6 22. Ne4 Ne8 23. Qd3 Nef6 24. Ned2 Qc6 25. Nc1 Nb6 26. Ne2 Nc4 27. Nf4 Nxd2
28. Qxd2 Nd5 29. Nd3 b4 30. Nxb4 Nxb4 31. cxb4 d5 32. Be5 Qb5 33. Rbc1 Qxb4 34.
Rc3 Bd6 35. Bf6 Ra1 36. Rec1 Rxc1+ 37. Qxc1 Qb7 38. g3 Rb8 39. h4 Bf8 40. b3 Bg7
41. Bxg7 Kxg7 42. Qf4 Rc8 43. Rf3 Qe7 44. h5 gxh5 45. Qe5+ f6 46. Qxh5 Rc6 47.
Qg4+ Kf8 48. Qh4 Kg7 49. Qg4+ Kf8 50. Qh4 Kg7 51. Kg2 Rb6 52. Qg4+ Kf8 53. Qh4
Kg7 54. Rf4 Rxb3 55. Rg4+ Kh8 56. Rf4 Kg7 57. Qh5 Rb8 58. Rh4 Kg8 59. Qh6 Rf8
60. Rf4 Kh8 61. Qh5 Rg8 62. Qf3 Rg6 63. Qe3 e5 64. Rh4 Kg7 65. Qf3 e4 66. Qh5
Kg8 67. Qxd5+ Qf7 68. Qxe4 f5 69. Qe5 Qb7+ 70. d5 Qd7 71. Rd4 Rd6 72. Kh2 Qd8
73. Qe3 Qf6 74. Qe8+ Kg7 75. Rd3 Rd8 76. Qe3 Rd6 77. Kg2 Rd8 78. Qf4 Rd6 79. Qd4
f4 80. Qxf4 Qxf4 81. gxf4 Kf6 82. Kf3 Kf5 83. Rd1 h5 84. Rh1 Rh6 85. Rh4 Rh8 86.
Kg3 Rh7 87. f3 Rg7+ 88. Kh3 Rh7 89. Kg3 Rg7+ 90. Kf2 Rh7 91. Ke3 Rh8 92. Kd4 Kg6
93. Ke5 Re8+ 94. Kd6 Re3 95. Kd7 Rxf3 96. d6 Rd3 97. Ke7 Re3+ 98. Kd8 Rd3 99. d7
Rd5 100. Ke7 1-0